LEADER 01230nam a2200265 i 4500 001 000000029267 003 CaOOAMICUS 005 20180830125448.0 008 180830s1794 fr u000 u und u 040 $aSeMil$bita 245 10$aOeuvres de Séneque le philosophe. Traduction de Lagrange, avec notes de critique, d'histoire et de littérature. Tome 1. [7.]. 260 $aA Tours :$bChez Letourmi le jeune,$cAn 3 de la République française [1794] 300 $a7 v. ;$c8°. 650 4$aSeneca, Lucio Anneo <4 a.C.-65 d.C.> - Opere.$0(OLS)http://semarc/subject/4173 700 1 $aSeneca, Lucius Anneus,$d<4 a.C.-65 d.C.>.$0(OLS)http://semarc/name/764 700 1 $aLetourmy,$c.$0(OLS)http://semarc/name/12666 774 0 $tTome 1.$g1$w()146842 774 0 $tTome 4.$g4$w()225734 774 0 $tTome 2.$g2$w()225735 774 0 $tTome 3.$g3$w()225736 774 0 $tTome 7.$g7$w()225737 774 0 $tTome 6.$g6$w()225738 774 0 $tTome 5.$g5$w()225739 996 $6245$aOeuvres de Séneque le philosophe. Traduction de Lagrange, avec notes de critique, d'histoire et de littérature. Tome 1. [7.]$9(OLS)http://semarc/title/39745 996 $6260$aA Tours :$bChez Letourmi le jeune$9(OLS)http://semarc/publisher/38040 LEADER 00993nam a2200205 i 4500 001 000000046924 003 CaOOAMICUS 005 20121106000000.0 008 121106s1851 it u000 u ita u 013 $a18094 040 $aSeMil$bita 100 1 $aPiantoni, Giovanni.$0(OLS)http://semarc/name/23332 245 10$aVita del cardinale Giacinto Sigismondo Gerdil barnabita e analisi di tutte le stampate sue opere /$copera del reverendissimo padre don Giovanni Piantoni. 260 $aRoma :$bTip. Salviucci,$c1851. 300 $aXII, 375 p., [1] c. di tav. :$britr. ;$c23 cm. 650 4$aGerdil, Giacinto Sigismondo .$0(OLS)http://semarc/subject/9435 850 $aSeMil 852 $aSeMil$W1$xVenegono$y1$m2C III 11 FA$j13079$B13079$CSeMilBibl$Z2$F13079 $8I 996 $6245$aVita del cardinale Giacinto Sigismondo Gerdil barnabita e analisi di tutte le stampate sue opere$9(OLS)http://semarc/title/70427 996 $6260$aRoma :$bTip. Salviucci$9(OLS)http://semarc/publisher/40843